000 00272nam a2200109 a 4500
005 20140414131909.0
008 101011s19uu xx 00 eng d
050 _aER
_bB23 199?
100 _aGoodings, Christina
245 _aBartimouse :
_bAboard the ark.
999 _c111137
_d111137